01256cam a2200313 450000500170000000800410001702000150005802000150007302000180008804000310010604100080013704400070014508200160015210000290016824501530019726000610035030000500041149000310046150000860049250000220057850400610060065000490066165000360071065000540074665000260080070000260082671000510085271000390090320200104041510.0930211s1992 fr a b 001 0 eng  a9284211417 a8241701365 a9789284211418 aEYGcEYGdUkOxUdCO-BoIAVH0 aeng afr04a339.5bW74f1 aWillums, Jan Olafeautor10aFrom ideas to action :bbusiness and sustainable development, the ICC report on the Greening of Enterprise 92 /cJan-Olaf Willums y Ulrich Golüke. aOslo (Noruega) :bICC Pub :bAd Notam Gyldendal,c1992. a383 páginas :bilustraciones ;c24 x 17 cm.0 aICC publication ;vno. 504 a"Un informe preparado por la Oficina Internacional del Medio Ambiente de la ICC". aIncluye índice. aIncluye referencias bibliográficas: páginas 338-340.26aDesarrollo económicoxAspectos ambientales26aIndustriaxAspectos ambientales26aPolítica ambientalxCooperación internacional26aDesarrollo sostenible1 aGoluke, Ulricheautor2 aInternational Environmental Bureau of the ICC.2 aInternational Chamber of Commerce.